[Event "U20 Polish Youth Championship"]
[Site "Ustron"]
[Date "2019.11.25"]
[Round "3"]
[White "Stachecki, Mikolaj"]
[Black "Jankowiak, Tomasz"]
[Result "1/2-1/2"]
[Board "17"]
[WhiteElo "1901"]
[WhiteCountry "POL"]
[WhiteFideId "21838810"]
[WhiteEloChange "5"]
[BlackElo "2111"]
[BlackCountry "POL"]
[BlackFideId "1185357"]
[BlackEloChange "-5"]

1. e4 {[%clk 1:30:57]} c5 {[%clk 1:30:56]} 2. Nf3 {[%clk 1:31:14]} d6 {[%clk
1:31:20]} 3. d4 {[%clk 1:31:38]} cxd4 {[%clk 1:31:45]} 4. Nxd4 {[%clk 1:32:03]}
Nf6 {[%clk 1:32:03]} 5. Nc3 {[%clk 1:32:26]} a6 {[%clk 1:32:30]} 6. Be2 {[%clk
1:32:45]} e5 {[%clk 1:32:55]} 7. Nb3 {[%clk 1:33:09]} Be7 {[%clk 1:33:08]} 8. Be3
{[%clk 1:33:32]} Be6 {[%clk 1:33:34]} 9. Nd5 {[%clk 1:33:56]} Nbd7 {[%clk
1:33:54]} 10. Qd3 {[%clk 1:34:04]} Bxd5 {[%clk 1:33:51]} 11. exd5 {[%clk
1:34:27]} O-O {[%clk 1:34:17]} 12. O-O {[%clk 1:34:14]} Nc5 {[%clk 1:30:04]} 13.
Nxc5 {[%clk 1:29:05]} dxc5 {[%clk 1:30:08]} 14. c4 {[%clk 1:28:43]} Qc7 {[%clk
1:30:02]} 15. f4 {[%clk 1:16:53]} Bd6 {[%clk 1:22:40]} 16. g3 {[%clk 1:15:10]}
exf4 {[%clk 1:21:20]} 17. Bxf4 {[%clk 1:15:28]} Rae8 {[%clk 1:11:16]} 18. Bxd6
{[%clk 0:41:51]} Qxd6 {[%clk 1:11:40]} 19. Bf3 {[%clk 0:41:52]} Nd7 {[%clk
1:03:30]} 20. Be4 {[%clk 0:38:32]} Ne5 {[%clk 0:55:43]} 21. Qc2 {[%clk 0:37:09]}
g6 {[%clk 0:51:02]} 22. h3 {[%clk 0:26:44]} Re7 {[%clk 0:49:13]} 23. b3 {[%clk
0:22:17]} Rfe8 {[%clk 0:47:48]} 24. Qf2 {[%clk 0:22:21]} f5 {[%clk 0:42:04]} 25.
Bc2 {[%clk 0:22:31]} Nxc4 {[%clk 0:18:54]} 26. Bxf5 {[%clk 0:16:10]} Re2 {[%clk
0:17:56]} 27. Be6+ {[%clk 0:15:36]} R8xe6 {[%clk 0:18:00]} 28. Qf7+ {[%clk
0:15:46]} Kh8 {[%clk 0:18:25]} 29. Qf8+ {[%clk 0:15:51]} Qxf8 {[%clk 0:18:48]}
30. Rxf8+ {[%clk 0:16:16]} Kg7 {[%clk 0:19:12]} 31. dxe6 {[%clk 0:14:55]} Kxf8
{[%clk 0:17:58]} 32. bxc4 {[%clk 0:15:19]} Ke7 {[%clk 0:17:31]} 33. Rb1 {[%clk
0:15:01]} Kxe6 {[%clk 0:00:35]} 34. Rxb7 {[%clk 0:15:17]} Rxa2 {[%clk 0:00:47]}
35. Rxh7 {[%clk 0:15:33]} a5 {[%clk 0:00:52]} 36. Rc7 {[%clk 0:14:32]} Kd6 {[%clk
0:01:10]} 37. Rg7 {[%clk 0:12:13]} a4 {[%clk 0:01:32]} 38. Rxg6+ {[%clk 0:12:17]}
Ke5 {[%clk 0:01:58]} 39. Ra6 {[%clk 0:05:26]} Kd4 {[%clk 0:02:07]} 40. g4 {[%clk
0:35:39]} Kxc4 {[%clk 0:32:05]} 41. g5 {[%clk 0:35:25]} Kb3 {[%clk 0:26:58]} 42.
g6 {[%clk 0:32:23]} Re2 {[%clk 0:27:11]} 43. g7 {[%clk 0:31:52]} Re8 {[%clk
0:27:35]} 44. h4 {[%clk 0:31:25]} Rg8 {[%clk 0:27:00]} 45. Ra7 {[%clk 0:31:46]}
c4 {[%clk 0:23:15]} 46. Rb7+ {[%clk 0:19:04]} Ka2 {[%clk 0:18:16]} 47. Kf2 {[%clk
0:18:23]} c3 {[%clk 0:17:48]} 48. Ke2 {[%clk 0:18:22]} Rd8 {[%clk 0:17:51]} 49.
h5 {[%clk 0:17:51]} c2 {[%clk 0:18:11]} 50. Rc7 {[%clk 0:18:12]} Kb1 {[%clk
0:18:06]} 51. h6 {[%clk 0:17:56]} a3 {[%clk 0:18:02]} 52. h7 {[%clk 0:17:18]} a2
{[%clk 0:12:38]} 53. Rb7+ {[%clk 0:16:10]} Kc1 {[%clk 0:06:22]} 54. Ra7 {[%clk
0:13:18]} Kb1 {[%clk 0:05:47]} 55. g8Q {[%clk 0:12:17]} Rd2+ {[%clk 0:05:01]} 56.
Kf3 {[%clk 0:10:40]} c1Q {[%clk 0:04:09]} 57. Qg6+ {[%clk 0:07:19]} Rc2 {[%clk
0:01:44]} 58. Rb7+ {[%clk 0:03:45]} Ka1 {[%clk 0:02:09]} 59. h8Q+ {[%clk
0:04:04]} Rb2 {[%clk 0:02:33]} 60. Rxb2 {[%clk 0:03:35]} Qf4+ {[%clk 0:02:56]}
61. Kg2 {[%clk 0:00:46]} Qf1+ {[%clk 0:02:03]} 62. Kg3 {[%clk 0:00:44]} Qf3+
{[%clk 0:02:20]} 63. Kh4 {[%clk 0:00:43]} Qg4+ {[%clk 0:02:34]} 64. Kxg4 {[%clk
0:01:01]} 1/2-1/2

[Event "U20 Polish Youth Championship"]
[Site "Ustron"]
[Date "2019.11.25"]
[Round "3"]
[White "Czernek, Tymon"]
[Black "Kalkowski, Igor"]
[Result "1/2-1/2"]
[Board "18"]
[WhiteElo "2097"]
[WhiteCountry "POL"]
[WhiteFideId "1199510"]
[WhiteEloChange "-4"]
[BlackElo "1965"]
[BlackCountry "POL"]
[BlackFideId "21833966"]
[BlackEloChange "4"]

1. e4 {[%clk 1:30:58]} c5 {[%clk 1:30:54]} 2. Nf3 {[%clk 1:31:24]} Nc6 {[%clk
1:31:19]} 3. d4 {[%clk 1:31:05]} cxd4 {[%clk 1:31:40]} 4. Nxd4 {[%clk 1:31:34]}
g6 {[%clk 1:31:55]} 5. c4 {[%clk 1:31:55]} Nf6 {[%clk 1:32:19]} 6. Nc3 {[%clk
1:32:20]} d6 {[%clk 1:32:42]} 7. Nc2 {[%clk 1:32:42]} Bg7 {[%clk 1:31:49]} 8. Be2
{[%clk 1:33:02]} O-O {[%clk 1:28:58]} 9. O-O {[%clk 1:33:17]} Be6 {[%clk
1:27:42]} 10. Be3 {[%clk 1:33:34]} Qa5 {[%clk 1:15:01]} 11. Qd2 {[%clk 1:32:54]}
Ng4 {[%clk 1:12:06]} 12. Bxg4 {[%clk 1:32:10]} Bxg4 {[%clk 1:12:25]} 13. Bh6
{[%clk 1:32:28]} Be6 {[%clk 1:07:30]} 14. Bxg7 {[%clk 1:32:43]} Kxg7 {[%clk
1:07:38]} 15. Ne3 {[%clk 1:33:06]} Rac8 {[%clk 1:00:53]} 16. Rad1 {[%clk
1:29:17]} Rfe8 {[%clk 0:47:42]} 17. b3 {[%clk 1:25:08]} a6 {[%clk 0:42:17]} 18.
f4 {[%clk 1:23:33]} f6 {[%clk 0:42:25]} 19. Rf3 {[%clk 1:21:55]} Qc5 {[%clk
0:41:02]} 20. Kh1 {[%clk 1:19:40]} b5 {[%clk 0:39:51]} 21. Rg3 {[%clk 1:15:58]}
Kh8 {[%clk 0:33:28]} 22. Ncd5 {[%clk 1:15:17]} bxc4 {[%clk 0:31:01]} 23. bxc4
{[%clk 1:15:38]} Bxd5 {[%clk 0:28:38]} 24. cxd5 {[%clk 1:15:20]} Na5 {[%clk
0:27:32]} 25. f5 {[%clk 1:12:15]} g5 {[%clk 0:27:29]} 26. Qe2 {[%clk 1:12:14]}
Rg8 {[%clk 0:22:15]} 27. Rh3 {[%clk 1:10:52]} Qb5 {[%clk 0:21:25]} 28. Qf3 {[%clk
1:05:39]} Nc4 {[%clk 0:20:31]} 29. Ng4 {[%clk 1:05:33]} Ne5 {[%clk 0:20:43]} 30.
Rxh7+ {[%clk 1:02:32]} Kxh7 {[%clk 0:20:57]} 31. Qh3+ {[%clk 1:02:58]} Kg7 {[%clk
0:21:04]} 32. Qh6+ {[%clk 1:03:24]} Kf7 {[%clk 0:20:58]} 33. Qh7+ {[%clk
1:03:50]} Rg7 {[%clk 0:18:11]} 34. Nh6+ {[%clk 1:04:12]} Ke8 {[%clk 0:18:24]} 35.
Qxg7 {[%clk 1:04:36]} Rc2 {[%clk 0:16:30]} 36. Qg8+ {[%clk 1:02:38]} Kd7 {[%clk
0:16:49]} 37. Qe6+ {[%clk 1:01:02]} Kd8 {[%clk 0:16:15]} 38. Ng8 {[%clk 0:52:03]}
Qb7 {[%clk 0:15:29]} 39. h3 {[%clk 0:51:47]} g4 {[%clk 0:12:58]} 40. h4 {[%clk
1:19:08]} g3 {[%clk 0:42:28]} 41. Nh6 {[%clk 1:19:33]} Rxg2 {[%clk 0:37:43]} 42.
Qg8+ {[%clk 1:19:37]} Kd7 {[%clk 0:38:07]} 43. Qe6+ {[%clk 1:16:00]} Ke8 {[%clk
0:38:09]} 44. Kxg2 {[%clk 1:13:28]} Qb2+ {[%clk 0:38:27]} 45. Kxg3 {[%clk
1:13:44]} Qc3+ {[%clk 0:38:49]} 46. Kh2 {[%clk 1:13:48]} Qc2+ {[%clk 0:39:04]}
47. Kh3 {[%clk 1:14:10]} Qc3+ {[%clk 0:39:29]} 48. Kh2 {[%clk 1:13:52]} Qc2+
{[%clk 0:39:49]} 49. Kg3 {[%clk 1:13:27]} Qc3+ {[%clk 0:40:12]} 50. Kh2 {[%clk
1:13:53]} 1/2-1/2

[Event "U20 Polish Youth Championship"]
[Site "Ustron"]
[Date "2019.11.25"]
[Round "3"]
[White "Koloczek, Maciej"]
[Black "Adamczewski, Maciej"]
[Result "0-1"]
[Board "19"]
[WhiteElo "1947"]
[WhiteCountry "POL"]
[WhiteFideId "1198785"]
[WhiteEloChange "-6"]
[BlackElo "2095"]
[BlackCountry "POL"]
[BlackFideId "1148702"]
[BlackEloChange "6"]

1. e4 {[%clk 1:30:56]} e6 {[%clk 1:25:18]} 2. d4 {[%clk 1:31:16]} d5 {[%clk
1:25:43]} 3. Nd2 {[%clk 1:31:41]} a6 {[%clk 1:25:23]} 4. Ngf3 {[%clk 1:31:26]} c5
{[%clk 1:25:38]} 5. c3 {[%clk 1:30:04]} Nc6 {[%clk 1:24:20]} 6. exd5 {[%clk
1:27:15]} exd5 {[%clk 1:24:43]} 7. dxc5 {[%clk 1:23:53]} Bxc5 {[%clk 1:24:40]} 8.
Nb3 {[%clk 1:23:54]} Bb6 {[%clk 1:23:35]} 9. Be2 {[%clk 1:23:29]} Nf6 {[%clk
1:23:26]} 10. O-O {[%clk 1:22:56]} O-O {[%clk 1:22:36]} 11. Bg5 {[%clk 1:22:07]}
Re8 {[%clk 1:20:58]} 12. Qc2 {[%clk 1:07:18]} h6 {[%clk 1:17:46]} 13. Bh4 {[%clk
1:04:19]} g5 {[%clk 1:13:31]} 14. Bg3 {[%clk 1:02:18]} Ne4 {[%clk 1:13:44]} 15.
Nfd4 {[%clk 0:54:52]} Qf6 {[%clk 1:10:42]} 16. Rad1 {[%clk 0:50:49]} Bd7 {[%clk
1:06:42]} 17. Nxc6 {[%clk 0:39:46]} bxc6 {[%clk 1:00:01]} 18. Nd4 {[%clk
0:38:55]} c5 {[%clk 0:56:06]} 19. Nb3 {[%clk 0:36:20]} Bf5 {[%clk 0:25:59]} 20.
Qc1 {[%clk 0:32:14]} Nxg3 {[%clk 0:21:34]} 21. fxg3 {[%clk 0:32:30]} Rxe2 {[%clk
0:21:19]} 22. g4 {[%clk 0:30:09]} Qd6 {[%clk 0:10:13]} 23. Rxf5 {[%clk 0:29:32]}
Bc7 {[%clk 0:10:37]} 24. g3 {[%clk 0:28:49]} Rae8 {[%clk 0:08:53]} 25. Rfxd5
{[%clk 0:27:23]} Qe7 {[%clk 0:08:56]} 26. Nxc5 {[%clk 0:26:14]} Bb6 {[%clk
0:09:16]} 0-1

[Event "U20 Polish Youth Championship"]
[Site "Ustron"]
[Date "2019.11.25"]
[Round "3"]
[White "Panek, Bartosz"]
[Black "Syrkiewicz, Michal"]
[Result "1-0"]
[Board "20"]
[WhiteElo "2029"]
[WhiteCountry "POL"]
[WhiteFideId "1198220"]
[WhiteEloChange "7"]
[BlackElo "1928"]
[BlackCountry "POL"]
[BlackFideId "21833494"]
[BlackEloChange "-7"]

1. Nf3 {[%clk 1:30:54]} d5 {[%clk 1:30:48]} 2. c4 {[%clk 1:31:15]} d4 {[%clk
1:30:34]} 3. b4 {[%clk 1:24:03]} c5 {[%clk 1:26:06]} 4. bxc5 {[%clk 1:15:47]} Nc6
{[%clk 1:24:48]} 5. g3 {[%clk 1:14:47]} e5 {[%clk 1:23:58]} 6. d3 {[%clk
1:14:30]} Bxc5 {[%clk 1:22:53]} 7. Bg2 {[%clk 1:14:20]} Nge7 {[%clk 1:20:37]} 8.
O-O {[%clk 1:14:28]} O-O {[%clk 1:19:17]} 9. Nfd2 {[%clk 1:12:10]} Nf5 {[%clk
1:14:28]} 10. Ba3 {[%clk 1:08:35]} Bxa3 {[%clk 1:07:40]} 11. Nxa3 {[%clk
1:08:59]} Qe7 {[%clk 1:06:06]} 12. Nc2 {[%clk 1:03:40]} Rb8 {[%clk 1:02:56]} 13.
Rb1 {[%clk 1:03:23]} Bd7 {[%clk 1:01:51]} 14. e3 {[%clk 0:47:29]} b6 {[%clk
0:54:59]} 15. Qe2 {[%clk 0:41:48]} Rbe8 {[%clk 0:48:30]} 16. Bd5 {[%clk 0:37:56]}
Kh8 {[%clk 0:41:04]} 17. Qf3 {[%clk 0:30:43]} Qd6 {[%clk 0:36:44]} 18. Qe2 {[%clk
0:20:09]} f6 {[%clk 0:30:55]} 19. e4 {[%clk 0:13:36]} Nfe7 {[%clk 0:26:59]} 20.
a3 {[%clk 0:13:40]} Bh3 {[%clk 0:23:32]} 21. Rfc1 {[%clk 0:13:16]} f5 {[%clk
0:23:12]} 22. f3 {[%clk 0:13:08]} h5 {[%clk 0:20:57]} 23. Kh1 {[%clk 0:07:53]} h4
{[%clk 0:19:21]} 24. Rg1 {[%clk 0:07:42]} Rf6 {[%clk 0:16:12]} 25. Bxc6 {[%clk
0:02:39]} Nxc6 {[%clk 0:16:02]} 26. exf5 {[%clk 0:03:08]} Bxf5 {[%clk 0:16:23]}
27. Ne4 {[%clk 0:02:46]} Bxe4 {[%clk 0:16:36]} 28. Qxe4 {[%clk 0:03:05]} hxg3
{[%clk 0:15:32]} 29. Rxg3 {[%clk 0:03:29]} Rh6 {[%clk 0:15:33]} 30. Rbg1 {[%clk
0:03:07]} Re7 {[%clk 0:14:29]} 31. Nb4 {[%clk 0:01:04]} Nxb4 {[%clk 0:13:12]} 32.
axb4 {[%clk 0:01:33]} Qc6 {[%clk 0:11:38]} 33. Qxc6 {[%clk 0:00:42]} Rxc6 {[%clk
0:12:04]} 34. Re1 {[%clk 0:01:05]} Rce6 {[%clk 0:12:00]} 35. Rg4 {[%clk 0:01:15]}
Kg8 {[%clk 0:12:09]} 36. Kg2 {[%clk 0:01:08]} Kf7 {[%clk 0:12:13]} 37. Kf2 {[%clk
0:00:56]} Rh6 {[%clk 0:10:59]} 38. h4 {[%clk 0:01:04]} Rhe6 {[%clk 0:11:05]} 39.
Rge4 {[%clk 0:00:42]} Kf6 {[%clk 0:10:04]} 40. Rg4 {[%clk 0:30:35]} Kf7 {[%clk
0:39:24]} 41. b5 {[%clk 0:27:42]} Rg6 {[%clk 0:38:08]} 42. Rge4 {[%clk 0:28:00]}
Rge6 {[%clk 0:38:05]} 43. f4 {[%clk 0:22:56]} Kf6 {[%clk 0:32:05]} 44. fxe5+
{[%clk 0:22:42]} Rxe5 {[%clk 0:31:58]} 45. Rxe5 {[%clk 0:02:52]} Rxe5 {[%clk
0:32:05]} 46. Rxe5 {[%clk 0:03:21]} Kxe5 {[%clk 0:32:27]} 47. Kg3 {[%clk
0:03:44]} Kf5 {[%clk 0:30:52]} 48. Kf3 {[%clk 0:04:08]} Kg6 {[%clk 0:30:13]} 49.
Kg4 {[%clk 0:04:34]} Kh6 {[%clk 0:29:44]} 50. h5 {[%clk 0:04:56]} Kh7 {[%clk
0:29:57]} 51. Kg5 {[%clk 0:05:17]} Kg8 {[%clk 0:30:08]} 52. h6 {[%clk 0:03:27]}
gxh6+ {[%clk 0:30:26]} 53. Kxh6 {[%clk 0:03:55]} Kf7 {[%clk 0:30:50]} 54. Kg5
{[%clk 0:04:20]} Ke6 {[%clk 0:31:18]} 55. Kf4 {[%clk 0:04:42]} Kd6 {[%clk
0:31:33]} 56. Ke4 {[%clk 0:05:07]} Kc5 {[%clk 0:31:38]} 57. Ke5 {[%clk 0:05:31]}
Kb4 {[%clk 0:32:07]} 58. Kxd4 {[%clk 0:05:53]} Ka5 {[%clk 0:32:36]} 59. Kd5
{[%clk 0:03:41]} a6 {[%clk 0:32:59]} 60. Kc6 {[%clk 0:03:37]} axb5 {[%clk
0:33:19]} 61. cxb5 {[%clk 0:03:41]} 1-0

[Event "U20 Polish Youth Championship"]
[Site "Ustron"]
[Date "2019.11.25"]
[Round "3"]
[White "Janeczko, Jakub"]
[Black "Hasterok, Mateusz"]
[Result "0-1"]
[Board "21"]
[WhiteElo "1839"]
[WhiteCountry "POL"]
[WhiteFideId "21871655"]
[WhiteEloChange "-5"]
[BlackElo "2018"]
[BlackCountry "POL"]
[BlackFideId "21822352"]
[BlackEloChange "5"]

1. e4 {[%clk 1:30:30]} c5 {[%clk 1:30:30]} 2. Nf3 {[%clk 1:30:30]} Nc6 {[%clk
1:30:30]} 3. Bb5 {[%clk 1:29:43]} g6 {[%clk 1:30:54]} 4. O-O {[%clk 1:30:02]} Bg7
{[%clk 1:30:54]} 5. Re1 {[%clk 1:30:22]} Nf6 {[%clk 1:30:54]} 6. c3 {[%clk
1:30:47]} O-O {[%clk 1:30:54]} 7. h3 {[%clk 1:31:12]} Qc7 {[%clk 1:24:20]} 8. d3
{[%clk 1:24:53]} e5 {[%clk 1:22:22]} 9. Bxc6 {[%clk 1:22:09]} dxc6 {[%clk
1:22:31]} 10. Be3 {[%clk 1:20:52]} b6 {[%clk 1:22:41]} 11. Qc2 {[%clk 1:17:10]}
Bb7 {[%clk 1:18:18]} 12. Nbd2 {[%clk 1:13:39]} Rfe8 {[%clk 1:12:47]} 13. d4
{[%clk 1:06:40]} exd4 {[%clk 1:10:42]} 14. cxd4 {[%clk 1:07:05]} cxd4 {[%clk
1:10:57]} 15. Bxd4 {[%clk 1:07:05]} c5 {[%clk 1:08:16]} 16. Bc3 {[%clk 1:06:12]}
Rad8 {[%clk 1:03:42]} 17. Re3 {[%clk 1:02:39]} Rd7 {[%clk 0:54:43]} 18. Rae1
{[%clk 1:02:49]} Rde7 {[%clk 0:54:07]} 19. Bxf6 {[%clk 1:00:39]} Bxf6 {[%clk
0:54:26]} 20. b3 {[%clk 0:55:54]} Qc6 {[%clk 0:50:59]} 21. Qc4 {[%clk 0:49:36]}
Bg7 {[%clk 0:48:23]} 22. a4 {[%clk 0:43:24]} a6 {[%clk 0:47:05]} 23. Kf1 {[%clk
0:37:16]} b5 {[%clk 0:45:11]} 24. Qc2 {[%clk 0:35:37]} Bc8 {[%clk 0:31:18]} 25.
Rc1 {[%clk 0:31:53]} c4 {[%clk 0:29:28]} 26. bxc4 {[%clk 0:26:41]} b4 {[%clk
0:27:32]} 27. Qb3 {[%clk 0:21:53]} a5 {[%clk 0:26:18]} 28. Rc2 {[%clk 0:17:05]}
Kh8 {[%clk 0:23:50]} 29. e5 {[%clk 0:15:41]} Bf5 {[%clk 0:21:43]} 30. Rc1 {[%clk
0:15:50]} Rd8 {[%clk 0:21:05]} 31. g4 {[%clk 0:10:45]} Bd7 {[%clk 0:17:56]} 32.
Rce1 {[%clk 0:08:43]} h5 {[%clk 0:16:21]} 33. Re4 {[%clk 0:07:02]} hxg4 {[%clk
0:14:56]} 34. hxg4 {[%clk 0:07:22]} Qxa4 {[%clk 0:15:16]} 35. Qe3 {[%clk
0:04:54]} Be6 {[%clk 0:10:49]} 36. Ng5 {[%clk 0:04:58]} Qd7 {[%clk 0:10:42]} 37.
Qh3+ {[%clk 0:03:29]} Kg8 {[%clk 0:10:42]} 38. Qh7+ {[%clk 0:03:12]} Kf8 {[%clk
0:10:41]} 39. Nxe6+ {[%clk 0:03:12]} Rxe6 {[%clk 0:06:50]} 40. Nf3 {[%clk
0:03:12]} Rde8 {[%clk 0:04:28]} 41. Rf4 Qe7 42. g5 Qb7 43. Kg1 Rxe5 44. Rxe5 Rxe5
45. Nxe5 Bxe5 46. Rf6 b3 47. Qh8+ Ke7 48. Rxf7+ Kxf7 49. Qxe5 Qc6 50. Qxa5 Qxc4
51. Qe5 Qc2 52. Qf6+ Ke8 53. Qe6+ Kd8 54. Qd6+ Kc8 55. Qe6+ Kc7 56. Qe7+ Kc6 57.
Qe8+ Kd5 58. Qd7+ Kc4 59. Qe6+ Kc3 60. Qe5+ Kd3 61. Qe3+ Kc4 62. Qe6+ Kc3 63.
Qe5+ Kd2 64. Qd4+ Kc1 65. Qa1+ Qb1 66. Qc3+ Kd1 67. Kh2 Qc2 68. Qd4+ Ke1 69. Kg1
b2 70. Qe3+ Kd1 71. Qf3+ Kc1 72. Qf4+ Kb1 73. Qb4 Qc1+ 74. Kh2 Qxg5 75. Qe1+ Kc2
76. Qe4+ Kc3 77. Qe1+ Qd2 78. Qe5+ Kc2 79. Qe4+ Kd1 80. Qxg6 Qxf2+ 81. Kh3 Qf1+
82. Kh4 Qh1+ 0-1

[Event "U20 Polish Youth Championship"]
[Site "Ustron"]
[Date "2019.11.25"]
[Round "3"]
[White "Kania, Dominik"]
[Black "Jeda, Maciej"]
[Result "1-0"]
[Board "22"]
[WhiteElo "1988"]
[WhiteCountry "POL"]
[WhiteFideId "21845204"]
[WhiteEloChange "7"]
[BlackElo "1865"]
[BlackCountry "POL"]
[BlackFideId "21857679"]
[BlackEloChange "-7"]

1. d4 {[%clk 1:30:58]} Nf6 {[%clk 1:30:50]} 2. Bf4 {[%clk 1:31:21]} g6 {[%clk
1:31:09]} 3. e3 {[%clk 1:31:43]} Bg7 {[%clk 1:31:25]} 4. Nf3 {[%clk 1:32:06]} O-O
{[%clk 1:31:42]} 5. Nbd2 {[%clk 1:32:27]} d6 {[%clk 1:31:54]} 6. Bc4 {[%clk
1:32:50]} Nc6 {[%clk 1:31:25]} 7. h3 {[%clk 1:32:04]} h6 {[%clk 1:26:52]} 8. O-O
{[%clk 1:29:35]} Nd7 {[%clk 1:25:45]} 9. c3 {[%clk 1:27:15]} e5 {[%clk 1:23:26]}
10. Bh2 {[%clk 1:26:49]} Kh7 {[%clk 1:21:43]} 11. dxe5 {[%clk 1:24:48]} Ndxe5
{[%clk 1:15:50]} 12. Nxe5 {[%clk 1:22:02]} Nxe5 {[%clk 1:16:03]} 13. Be2 {[%clk
1:19:14]} Rb8 {[%clk 1:10:40]} 14. f4 {[%clk 1:15:19]} Nc6 {[%clk 1:10:27]} 15.
e4 {[%clk 1:15:25]} f5 {[%clk 1:08:14]} 16. Bd3 {[%clk 1:13:35]} b5 {[%clk
1:02:58]} 17. Qc2 {[%clk 1:09:11]} Ne7 {[%clk 0:54:13]} 18. Rae1 {[%clk 1:09:03]}
b4 {[%clk 0:51:47]} 19. Bg3 {[%clk 1:08:25]} bxc3 {[%clk 0:51:26]} 20. bxc3
{[%clk 1:08:49]} fxe4 {[%clk 0:48:11]} 21. Nxe4 {[%clk 1:08:35]} Nf5 {[%clk
0:46:12]} 22. Bf2 {[%clk 1:08:36]} c5 {[%clk 0:41:54]} 23. g4 {[%clk 1:06:37]}
Nh4 {[%clk 0:24:50]} 24. Bg3 {[%clk 1:06:13]} Kh8 {[%clk 0:23:36]} 25. Qf2 {[%clk
1:03:58]} g5 {[%clk 0:23:49]} 26. f5 {[%clk 1:03:57]} Nxf5 {[%clk 0:16:11]} 27.
gxf5 {[%clk 1:02:51]} Bxf5 {[%clk 0:16:31]} 28. Qh2 {[%clk 1:02:03]} Rb6 {[%clk
0:15:06]} 29. Nxc5 {[%clk 0:58:25]} Bxc3 {[%clk 0:13:37]} 30. Bxf5 {[%clk
0:57:30]} Bd4+ {[%clk 0:12:28]} 31. Bf2 {[%clk 0:57:48]} dxc5 {[%clk 0:11:53]}
32. Rd1 {[%clk 0:54:07]} Rbf6 {[%clk 0:10:44]} 33. Bxd4 {[%clk 0:53:13]} cxd4
{[%clk 0:11:05]} 34. Qe5 {[%clk 0:52:56]} Qb6 {[%clk 0:10:43]} 35. Be6 {[%clk
0:51:16]} d3+ {[%clk 0:09:55]} 36. Kh2 {[%clk 0:51:07]} Kg7 {[%clk 0:10:06]} 37.
Bc4 {[%clk 0:47:52]} Re8 {[%clk 0:07:06]} 38. Qxf6+ {[%clk 0:46:30]} Qxf6 {[%clk
0:07:27]} 39. Rxf6 {[%clk 0:46:56]} Re2+ {[%clk 0:07:26]} 40. Kg3 {[%clk
1:17:09]} Kxf6 {[%clk 0:37:45]} 41. Rxd3 {[%clk 1:17:33]} Rc2 {[%clk 0:37:32]}
42. Bb3 {[%clk 1:17:46]} Rc6 {[%clk 0:37:47]} 43. Rd7 {[%clk 1:17:54]} a6 {[%clk
0:38:01]} 44. Kg4 {[%clk 1:17:02]} Kg6 {[%clk 0:38:17]} 45. Bf7+ {[%clk 1:17:16]}
Kf6 {[%clk 0:38:29]} 46. Bd5 {[%clk 1:17:09]} Rb6 {[%clk 0:38:45]} 47. Kh5 {[%clk
1:16:42]} Ke5 {[%clk 0:39:00]} 48. Bb3 {[%clk 1:15:51]} Kf4 {[%clk 0:39:15]} 49.
Rh7 {[%clk 1:15:44]} Kg3 {[%clk 0:37:27]} 50. Rxh6 {[%clk 1:14:42]} Rb5 {[%clk
0:37:46]} 51. Kg6 {[%clk 1:13:15]} g4 {[%clk 0:37:49]} 52. hxg4 {[%clk 1:13:38]}
Kxg4 {[%clk 0:38:07]} 53. Kf7 {[%clk 1:13:41]} a5 {[%clk 0:37:32]} 54. Ke7 {[%clk
1:13:48]} Kf4 {[%clk 0:37:46]} 55. Re6 {[%clk 1:13:24]} Kf5 {[%clk 0:37:45]} 56.
Re1 {[%clk 1:13:22]} Rb4 {[%clk 0:37:36]} 57. Kd6 {[%clk 1:13:32]} a4 {[%clk
0:37:41]} 58. Kc5 {[%clk 1:13:53]} Rf4 {[%clk 0:37:34]} 59. Bc4 {[%clk 1:14:16]}
1-0